| 000 | 00766nam a2200193Ia 4500 | ||
|---|---|---|---|
| 008 | 0000001975 ck a 0000000000spa00 | ||
| 090 | _aPSP00 M17a | ||
| 100 | 1 | _aMarti Royo, Antonio | |
| 245 | 1 | 0 |
_aAntonio Marti Royo _b: pinturas, exposición |
| 300 |
_a[10] p. _c/ 17 cm. |
||
| 500 | _aArtista español nacionalizado en Colombia \ Exposición realizada en la Galería Buchholz, Bogotá, Noviembre 17 Diciembre 11, 1975 \ Con el patronazgo de la empresa colombiana PLARESA | ||
| 600 | 0 | 0 |
_aMARTI ROYO, ANTONIO./ _xTRABAJOS PICTORICOS |
| 650 | 1 | 4 | _aARTE CONTEMPORANEO ESPAÑOL |
| 650 | 1 | 4 | _xCATALOGOS |
| 650 | 1 | 4 | _xEXPOSICIONES |
| 650 | 1 | 4 | _aPINTORES ESPAÑOLES |
| 650 | 1 | 4 | _aPINTURA ESPAÑOLA |
| 999 |
_c7577 _d7577 |
||
| 260 |
_aBogotá : Galería Buchholz _c1975 |
||